Μέτρα κινδύνου και κατανομές στις γενικές ασφαλίσεις = Risk measures and distributions on general insurance : πτυχιακή εργασία

Η εργασία αυτή έχει σκοπό την παρουσίαση των μεθόδων, με τις οποίες μεγάλο κομμάτι της αναλογικής επιστήμης περιέχει την κατασκευή και την ανάλυση μαθηματικών υποδειγμάτων. Τα συγκεκριμένα υποδείγματα περιγράφουν την διαδικασία με την οποία οικονομικοί πόροι εισέρχονται και εξέρχονται σε ένα ασφαλισ...

Πλήρης περιγραφή

Αποθηκεύτηκε σε:
Λεπτομέρειες βιβλιογραφικής εγγραφής
Κύριος συγγραφέας: Μεριβάνη, Μαρία-Ιωάννα
Συγγραφή απο Οργανισμό/Αρχή: Πανεπιστήμιο Αιγαίου. Σχολή Θετικών Επιστημών. Τμήμα Στατιστικής και Αναλογιστικών-Χρηματοοικονομικών Μαθηματικών
Μορφή: Thesis Βιβλίο
Γλώσσα:Greek
Δημοσίευση: 2017.
Θέματα:
Διαθέσιμο Online:http://hdl.handle.net/11610/19641
Ετικέτες: Προσθήκη ετικέτας
Δεν υπάρχουν, Καταχωρήστε ετικέτα πρώτοι!

MARC

LEADER 00000cam a2200000 a 4500
001 1/113729
008 170426s2017####gr | ||| |||| ||gre||
040 |a GR-MyUa  |b gre  |c GR-MyUa  |e AACR2 
041 0 |a gre 
082 7 |a 368.01   |2 (23)  
100 1 |a Μεριβάνη, Μαρία-Ιωάννα. 
245 1 0 |a Μέτρα κινδύνου και κατανομές στις γενικές ασφαλίσεις =   |b Risk measures and distributions on general insurance : πτυχιακή εργασία /   |c Μαρία-Ιωάννα Μεριβάνη ; επιβλέπων καθηγητής Πέτρος Χατζόπουλος.  
260 |c 2017.  
300 |a 158 σ. :   |b σχέδια, πιν. ;   |c 30 εκ.  
500 |a Μέλη της εξεταστικής επιτροπής: Πέτρος Χατζόπουλος, Στυλιανός Ζήμερας, Νικόλαος Χαλιδιάς. 
502 |a Πτυχιακή εργασία - Πανεπιστήμιο Αιγαίου, Σάμος, 2017.  
504 |a Βιβλιογραφία: σ. 157-158.  
506 1 |a Διάθεση πλήρους κειμένου ;   |d Ενδοπανεπιστημιακή δημοσίευση.  
520 8 |a Η εργασία αυτή έχει σκοπό την παρουσίαση των μεθόδων, με τις οποίες μεγάλο κομμάτι της αναλογικής επιστήμης περιέχει την κατασκευή και την ανάλυση μαθηματικών υποδειγμάτων. Τα συγκεκριμένα υποδείγματα περιγράφουν την διαδικασία με την οποία οικονομικοί πόροι εισέρχονται και εξέρχονται σε ένα ασφαλιστικό σύστημα. Ειδικότερα, η εργασία επικεντρώνεται στη διαδικασία ζημιών, δηλαδή τα χρήματα που εξέρχονται από το σύστημα λόγω της καταβολής παροχών. Ειδικότερα, τα κεφάλαια της εργασίας ασχολούνται με τις βασικές ποσότητες των κατανομών, τις ουρές τους και τις ροπές, τα συνεχή υποδείγματα που χρησιμοποιούνται στο ασφαλιστικό σύστημα, στρέφοντας την προσοχή του αναγνώστη κυρίως στους τρόπους δημιουργίας νέων κατανομών και στις κατανομές ακραίων τιμών. Επίσης, ασχολούμαστε με τις διακριτές κατανομές και διαδικασίες ξεκινώντας από βασικούς ορισμούς όπως αυτόν της στοχαστικής διαδικασίας και επεκτεινόμαστε στις διαδικασίες καταμέτρησης, ενώ το τελευταίο κεφάλαιο αφορά στη συχνότητα και τη δριμύτητα με τροποποιήσεις των καλύψεων, όπου ως έννοιες ξεχωρίζουν οι εκπίπτουσες και τα όρια των ασφαλιστικών συμβολαίων. Σε κάθε κεφάλαιο μπορεί κανείς να βρει πλήθος ασκήσεων και παραδειγμάτων που αφορούν την ύλη του κεφαλαίου στο οποίο αναφέρονται ή πιο συγκεκριμένα σε κάποια ενότητα. Επιπλέον, παρατίθενται μερικές εισαγωγές ενοτήτων για να εμβαθύνουμε περισσότερο στην ουσία της ύλης τους. Τέλος, αναφέρονται τα Παραρτήματα Α και Β που περιέχουν τύπους και κατανομές της εργασίας καθώς και η βιβλιογραφία που χρησιμοποιήθηκε και μια σημείωση με την εξήγηση της έννοιας της ad hoc διαδικασίας. 
540 |a Κλειδωμένη η δυνατότητα αντιγραφής (copy) του κειμένου.  
650 0 |a Dissertations, Academic  |z Greece. 
650 0 |a Risk management  |x Mathematical models. 
650 0 |a Risk (Insurance)  |x Mathematical models. 
700 1 |a Χατζόπουλος, Πέτρος Φ.  |e dgs 
710 2 |a Πανεπιστήμιο Αιγαίου.   |b Σχολή Θετικών Επιστημών.   |b Τμήμα Στατιστικής και Αναλογιστικών-Χρηματοοικονομικών Μαθηματικών. 
852 |a INST  |b SAMOS  |c DIATR  |e 20170426  |h 368.01 ΜΕΡ  |p 005300044512  |q 005300044512  |t DIE  |y 23 
856 |u http://hdl.handle.net/11610/19641 
924 |a Μεριβάνη  |b Μαρία-Ιωάννα  |y Σάμος  |z 2017-02 
970 |a Κοσιέρης  |b Χρήστος  |z 26-04-2017